The Research process in educational settings : ten case studies

Αποθηκεύτηκε σε:
Λεπτομέρειες βιβλιογραφικής εγγραφής
Άλλοι συγγραφείς: Burgess, Robert G. (Επιμελητής έκδοσης)
Μορφή: Βιβλίο
Γλώσσα:English
Δημοσίευση: London ; New York : Falmer Press, 1984
Θέματα:
Ετικέτες: Προσθήκη ετικέτας
Δεν υπάρχουν, Καταχωρήστε ετικέτα πρώτοι!

MARC

LEADER 00000nam a2200000 i 4500
001 1/23104
008 980518s1984 eng d
020 |a 0-905273-91-5 
035 |l 10036753 
035 |a 1995  |b 3  |c Καϊλα 
040 |a GR-MY-UA  |b gre  |e aacr 
041 0 |a eng 
082 0 |a 370.78041  |2 (19) 
245 1 4 |a The Research process in educational settings :  |b ten case studies /  |c edited by Robert G. Burgess 
260 |a London ; New York :   |b Falmer Press,   |c 1984 
300 |a ix, 282 p.;  |c 24 cm 
504 |a Includes bibliographies and indexes 
505 0 |a The old girl network / Sara Delamont -- The researcher exposed / Martyn Hammersley -- Beachside reconsidered / Stephen J. Ball -- Dimensions of gender in a school / Mary Fuller -- The man in the Wendy house / Ronald King -- The modification of method in researching postgraduate education / Mary A. Porter -- Wards and deeds / Paul Atkinson -- A study in the dissemination of action research / Jean Rudduck -- Library access, library use, and user education in academic sixth forms / Lawrence Stenhouse -- Chocolate cream soldiers / David Jenkins -- Autobiographical accounts and research experience / Robert G. Burgess 
650 0 0 |a Education  |x Research  |z Great Britain  |x Case studies. 
700 1 |a Burgess, Robert G.  |4 edt 
852 |a INST  |b RHODES  |e 19980518  |h 370.78041 RES  |p 005400011636  |q 005400011636  |t BK  |y 0 
909 |a Ρ  |b 043511  |c 1995